| LEADER | 00408cam a2200133 7i4500 | ||
|---|---|---|---|
| 001 | 0000008294 | ||
| 005 | 20001010090000.0 | ||
| 090 | 0 | 0 | |a ITAL 380.1 |b ITA |
| 245 | 0 | 0 | |a Italy and the world market : |b summary of the ICE report 1998-99. |
| 260 | 0 | 0 | |a [s.l]: |b National Statistical System, |c 1999. |
| 300 | # | # | |a 66 p. |
| 650 | 0 | 0 | |a Trade -- |z Italy |
| 651 | 0 | 0 | |a Italy |
| 999 | |a 0000011388 |b Book |c Countries |e Business Information Centre | ||